000 00822aam a2200325a 44500
008 010628s1999 cat
017 _aPM-211-1999
041 _acat
041 _bspa
080 _a339.176(038)
245 _aVocabulari comercial
260 _aFelanitx
260 _bAjuntament de Felanitx. Servei d'Assessorament Lingüístic
260 _bGovern Balear. Conselleria de Cultura, Educació i Esports
260 _c1999
300 _a71 p.
_c24 cm
520 _aaprox. 1.500
591 _a7139
592 _aObra terminològica
593 _aKR
593 _aND
594 _a7139
650 _aalimentació
_961930
650 _acomerç
_961349
901 _c<1999>
902 _a010628
942 _cMO
_n0
999 _c60629
_d60629